Statistiques concernant Pays visités par Astérix sur une carte du monde

Cliquez ici pour prendre le quiz!

Statistiques générales

  • Ce quiz a été pris 12 365 fois
    (11 279 depuis la dernière actualisation)
  • Le résultat moyen est 17 sur 18

Réponses sur la Carte

Les réponses sont colorées sur une échelle allant du rouge au vert en fonction du pourcentage des utilisateurs qui les ont devinées à leur premier essai. Vous pouvez retrouver ces pourcentages ci-dessous.
 

Statistiques - réponses

Pays% Correct
Espagne
99%
Etats-Unis
99%
France
99%
Italie
99%
Royaume-Uni
99%
Égypte
98%
Inde
98%
Allemagne
97%
Norvège
97%
Belgique
96%
Grèce
96%
Ukraine
95%
Suisse
94%
Tunisie
93%
Iran
90%
Israël
89%
Irak
88%
Liban
80%

Distribution des résultats

Percentile par nombre de réponses

% des personnes avec chaque résultat

Votre développement - résultats

Vous n’avez pas pris ce quiz depuis la dernière actualisation